000 00461nam a2200181Ia 4500
001 23316
005 20260414150929.0
008 260414t2012||||xx |||||||||||||| ||spa||
041 _aESP
082 _a629.04
_bC17
100 _aCal y Mayor R., Rafael
_eAUT
245 0 _aIngeniería de tránsito :
_bfundamentos y aplicaciones
260 _c2012
300 _axxii, 597 páginas :
_c23 cm.
650 _aCNM
654 _aCCN
942 _cLIB
_dJUS
_fJUS
_2ddc
_n
999 _c23316
_d23316